000 00572nam a2200253Ia 4500
005 20250425161911.0
008 250425s9999 xx 000 0 und d
041 _aspa
043 _aec
082 _a658.5
100 _aSANDOVAL, ORLANDO
245 0 _aRECORDS DEL JAPON
250 _aS.E.
260 _aEcuador
_bEDITORIAL FRAGA C. LTDA.
_c1950
260 _aQUITO
300 _a104
500 _aSEGUNDA PARTE
650 _aCALIDAD
650 _aINDUSTRIAS
650 _aJAPON
710 _aEDITORIAL FRAGA C. LTDA.
942 _c01
010 _a34235
999 _c218435
_d218435